| 000 | 01118nam a2200337Ic 4500 | ||
|---|---|---|---|
| 001 | 57585 | ||
| 003 | CO-BoRNBP | ||
| 005 | 20250714114253.0 | ||
| 007 | ta | ||
| 008 | 170322s2007 ck a g 000 f s | ||
| 020 | _a9789583008665 | ||
| 040 |
_aCO-BoRNBP _bspa _erda _cCO-BoRNBP |
||
| 041 | _aspa | ||
| 084 | _aN | ||
| 100 |
_aNiño, Jairo Aníbal, _d1941-2010 _eaut |
||
| 245 | 1 | 0 |
_aGato / _cJairo Aníbal Niño ; ilustraciones Jairo Linares Landínez. |
| 250 | _a1a edición., 2a reimpresión | ||
| 264 | 1 |
_aBogotá, Colombia : _bPanamericana, _c2007 |
|
| 300 |
_a78 páginas : _bilustraciones |
||
| 336 |
_atexto _btxt _2rdacontent |
||
| 337 |
_asin mediación _bn _2rdamedia |
||
| 338 |
_avolumen _bnc _2rdacarrier |
||
| 490 | _aLiteratura juvenil | ||
| 650 | 0 | 7 |
_aCaza en la literatura _2lemb _91294 |
| 650 | 0 | 7 |
_aGatos en la literatura _2lemb _92427 |
| 650 | 0 | 7 |
_aLiteratura Juvenil Colombiana _ysiglo xx _2lemb _91585 |
| 650 | 0 | 7 |
_aNovela juvenil colombiana _ysiglo xx _2lemb _91584 |
| 650 | 0 | 7 |
_aTigres en la literatura _2lemb _961080 |
| 700 |
_aLinares Landínez, Jairo _eill _961081 |
||
| 942 |
_2loc _cBKLIT |
||
| 999 |
_c57585 _d57585 |
||